000 01103nam a2200193 a 4500
001 8031
003 CO-ViMGA
008 141112s2004 ck r 000 u spa d
020 _a8428326851
040 _aCO-ViMGA
_bspa
_cCO-ViMGA
082 0 4 _a629.2 A565t
100 1 _aAlonso, Jose Manuel
_97646
245 1 0 _aTecnicas del automovil :
_bmotores
260 _aMadríd (E),
_cParaninfo,
_c2000
300 _a755.p.il
505 _aMotores de combustion interna : Termodinámica.Ciclos de funcionamiento Clasificación de los motores Componentes del motor Distribución Reparación de los componentes del motor Lubricación del motor Refrigeración del motor Combustibles para motores Sistemas de alimentación y escape Carburación Sistema de encendido Averias del motor Sistemas de encendido electrónico Sistemas de inyección de gasolina Sistemas anticontaminación Sistemas de inyección en los motores diesel Bombas de inyección rotativas Inyección diesel con gestión electrónica Sobrealimentación de los motores : Turbocompresor
650 1 4 _aMECANICA - AUTOMOVILES
_953894
942 _2ddc
_cBK
999 _c19853
_d19853